Earl Sweatshirt Discography - Statistics

General Stats
  • This quiz has been taken 31 times
    18 since last reset
  • The average score is 4 of 7
Answer Stats
Year Name Type % Correct
2013 Doris Album
94%
2018 Some Rap Songs Album
89%
2010 Earl Mixtape
83%
2019 FEET OF CLAY EP
61%
2015 I Don't Like Shit, I Don't Go Outside Album
61%
2012 The OF Tape Vol. 2 Collaborative Album
17%
2010 Radical Mixtape
6%
No matching quizzes found
Score Distribution
Percent of People with Each Score
Percentile by Number Answered
Your Score History
You have not taken this quiz since the last reset